[Event "Martorell op-A"]
[Site "Martorell"]
[Date "1997.??.??"]
[Round "9"]
[White "Forcada Galvany, Francesco"]
[Black "Brugarolas Manzaneque, Carlos"]
[Result "0-1"]
[WhiteElo "2010"]
[BlackElo "2185"]
[PlyCount "78"]
[EventDate "1997.09.??"]
[EventType "swiss"]
[EventRounds "9"]
[EventCountry "ESP"]
[SourceTitle "EXT 2003"]
[Source "ChessBase"]
[SourceDate "2002.11.25"]
[SourceVersion "1"]
[SourceVersionDate "2002.11.25"]
[SourceQuality "1"]

1. e4 e6 2. c4 d5 3. exd5 exd5 4. Qa4+ Nd7 5. cxd5 Ngf6 6. Nc3 Be7 7. Nf3 0-0 8. d4 Nb6 9. Qc2 Nbxd5 10. a3 Re8 11. Be2 Bg4 12. 0-0 c6 13. Ne5 Bxe2 14. Nxe2 Bd6 15. Nf3 Qd7 16. Re1 h6 17. b3 Rad8 18. Bb2 Qg4 19. Ne5 Qh4 20. Qf5 g6 21. Qf3 Bc7 22. Rad1 Re7 23. Ng3 Rde8 24. Rd2 Ng4 25. h3 Nxe5 26. dxe5 Bxe5 27. Bxe5 Rxe5 28. Rde2 Rxe2 29. Rxe2 Rxe2 30. Qxe2 Qe7 31. Qb2 h5 32. Kf1 Qf6 33. Qc1 Qd4 34. Kg1 Nc3 35. Qg5 h4 36. Nf5 Ne2+ 37. Kh2 Qe5+ 38. g3 Qxf5 39. Qd8+ Kg7 0-1